| 000 | 01101nam a2200289 u 4500 | ||
|---|---|---|---|
| 001 | 000011431 | ||
| 005 | 20200929162441.0 | ||
| 008 | 091017r19961996mx 001 0 spa d | ||
| 020 | _a9681600673 | ||
| 040 |
_aDO-SdBNP _bspa _cBNPHU |
||
| 041 | 1 | 7 |
_aspa _hfre _2Código de idioma MARC |
| 082 |
_a907.2 _bB651i, 1996 |
||
| 100 | 1 |
_aBloch, Marc, _d1986-1944. _927107 |
|
| 240 | 1 | 0 |
_aApogie pour l'histoire ou métier d'historien, _d1949, _lspa. |
| 245 | 1 | 0 |
_aIntroducción a la historia / _cMarc Bloch. |
| 250 | _a2a ed., 2a reimpr. | ||
| 260 |
_aMéxico, D. F. : _bFondo de Cultura Económica, _c1996. |
||
| 300 |
_a159 p. ; _c17 cm. |
||
| 490 | 1 |
_aBrevarios _v64 |
|
| 500 | _aLa biblioteca posee la 2a reimpr. de la 2a ed. en español de 1994. | ||
| 500 | _aIncluye notas al pie de las páginas. | ||
| 534 |
_pTítulo original en francés: _tApogie pour l'histoire ou métier d'historien _cParís : Librairie Armand Colin, 1949. |
||
| 650 | 4 |
_aHistoria investigaciones _xInvestigaciones _927108 |
|
| 650 | 4 |
_aHistoriografía _xHistoria _927096 |
|
| 830 | 0 |
_aBrevarios _v64 _914231 |
|
| 049 | _aBNGR | ||
| 999 |
_c11133 _d11133 |
||